00309nam a22001337a 4500003000400000008004100004020001800045082001500063100001500078245003800093250001100131260002500142300000800167OSt240413b |||||||| |||| 00| 0 eng d a9789355510983 a005.44 RAE aRAI,Vishal aExpert Linux Administration Guide a1st Ed aNew DelhibBPBc2022 a766